MDQL
is popping MORE tags! Check the
thread
!
Quizzes
Events
Quiz Creation
Community
Videos
Private Events
Remove Ads
Sign In
Join for FREE
Feedback
Dark Mode
Quiz Categories
Sports
Geography
Music
Movies
Television
Just For Fun
Miscellaneous
History
Literature
Language
Science
Gaming
Entertainment
Religion
Holiday
For Kids
Quiz Lab
Recent
Popular Today
Quiz Kudos Today
Editor Picks
Curator Picks
Quizzes by...
Day
Popularity
Type
Ratings
Length
Year
Community
Subscriptions
Recent Discussions
Orange Saloon
Badges
Playlists
Quests
Create
Leaderboards
Showdown
Live 5
Trivia Bingo
Activity
Puzzle Library
Sporcle Events
Private Events
Virtual Trivia
Globe League
Become a Host
Pub Owners
SporcleCon
Opinionation
Our Games
Videos
Blog
Mobile Apps
Partnerships
Remove Ads and Go Orange
Feedback
Music
Pop Music
The Beatles
Song
Album
Lyrics
Bands
Singers
Artist
Clip
Rock
Rap
Classical
Billboard
Country Music
Kpop
Taylor Swift
Music
Pop Music
The Beatles
Song
Album
Lyrics
Bands
Singers
Artist
Clip
Rock
Rap
Classical
Billboard
Country Music
Kpop
Taylor Swift
Random Quiz
Search Sporcle
×
Quiz Lab
Quiz Lab
Music
Lyrics
Type in answers that appear in a list
Type in answers that appear in a list
Classic
Best Score? Go Orange.
Good Charlotte lyrics Stats
Can you name the Lyrics to Good Charlotte's Wondering?
By
Tivafivanatomy
7m
281 Questions
283 Plays
283 Plays
283 Plays
Comments
Comments
Give Quiz Kudos
Give Quiz Kudos
-
- Ratings
hide this ad
Replay
Link that replays current quiz
Next Quiz
Link to next quiz in quiz playlist
You Got
0%
They Got
Avg Score
84%
Avg Friend Score
Upgrade to see
Score Distribution
Jump to the score distribution portion of the page
Score
0/281
Timer
07:00
0
Plays Today
% Correct
I
99.6%
I
99.6%
I
99.6%
I
99.6%
I
99.6%
I
99.6%
I
99.6%
I
99.6%
I
99.6%
I
99.6%
I
99.6%
I
99.6%
I
99.6%
I
99.6%
I
99.6%
I
99.6%
I
99.6%
I
99.6%
I
99.6%
I
99.6%
I
99.3%
a
98.6%
a
98.6%
a
98.6%
and
98.6%
and
98.6%
the
98.6%
and
98.6%
the
98.6%
and
98.6%
you
96.1%
you
96.1%
you
96.1%
you
96.1%
you
96.1%
you
96.1%
you
96.1%
you
96.1%
you
96.1%
you
96.1%
you
96.1%
you
96.1%
you
96.1%
you
96.1%
you
96.1%
you
96.1%
you
96.1%
you
96.1%
you
96.1%
you
96.1%
you
96.1%
you
96.1%
you
95.7%
to
94.7%
to
94.7%
to
94.7%
to
94.7%
to
94.7%
to
94.7%
to
94.7%
to
94.7%
to
94.7%
to
94.7%
to
94.7%
to
94.7%
If
94%
me
94%
If
94%
me
94%
If
94%
me
94%
If
94%
me
94%
If
94%
me
94%
If
94%
If
94%
me
94%
If
94%
me
94%
If
94%
me
94%
me
94%
me
94%
me
94%
me
94%
If
94%
me
94%
If
94%
me
94%
If
94%
wondering
93.6%
wondering
93.6%
wondering
93.3%
% Correct
want
92.9%
want
92.9%
want
92.9%
want
92.9%
want
92.9%
want
92.9%
wondering
92.9%
for
91.8%
for
91.8%
for
91.8%
for
91.8%
stay
91.5%
will
91.5%
stay
91.5%
will
91.5%
stay
91.5%
stay
91.5%
will
91.5%
stay
91.5%
stay
91.5%
stay
91.5%
will
91.5%
stay
91.5%
stay
91.5%
don't
90.4%
I'm
90.4%
don't
90.4%
I'm
90.4%
don't
90.4%
I'm
90.4%
Don't
90.4%
Don't
90.4%
don't
90.4%
I'm
90.4%
wait
90.1%
wait
90.1%
right
90.1%
at
90.1%
right
90.1%
wait
90.1%
wait
90.1%
right
90.1%
at
90.1%
wait
90.1%
wait
90.1%
right
90.1%
at
90.1%
at
90.1%
right
90.1%
wait
90.1%
wait
90.1%
right
90.1%
at
90.1%
all
89.7%
all
89.7%
all
89.7%
all
89.7%
all
89.7%
say
89%
say
89%
say
89%
say
89%
through
87.6%
anything
87.6%
through
87.6%
anything
87.6%
through
87.6%
anything
87.6%
anything
87.6%
through
87.6%
anything
87.6%
happy
87.2%
happy
87.2%
happy
87.2%
happy
87.2%
wanna
85.5%
wanna
85.5%
wanna
85.5%
wanna
85.5%
wanna
85.5%
tell
84%
tell
84%
tell
84%
tell
84%
tell
84%
tell
84%
tell
84%
was
80.9%
was
80.9%
ever
80.1%
just
80.1%
ever
80.1%
Ever
80.1%
just
80.1%
% Correct
Just
80.1%
never
79.8%
never
79.8%
never
79.8%
no
79.4%
man
78.7%
man
78.7%
in
78.7%
in
78.7%
can
78.4%
can
78.4%
Since
78%
since
78%
that
78%
That
78%
since
78%
that
78%
That
78%
that
78%
that
77.7%
young
77.3%
would
77%
here
77%
would
77%
would
77%
here
77%
would
77%
need
75.9%
need
75.9%
could
75.5%
could
75.5%
met
73.4%
they
73.4%
had
73%
You're
73%
they
73%
be
72.7%
You're
72.3%
security
71.6%
next
70.6%
everybody
70.6%
everybody
70.6%
forget
70.2%
someone
69.9%
time
69.9%
someone
69.9%
time
69.9%
Go
69.1%
found
69.1%
found
69.1%
found
69.1%
trust
68.8%
trust
68.8%
Go
68.8%
plan
68.1%
fun
67.7%
Needs
67.7%
Needs
67.4%
get
66%
get
66%
somebody
64.9%
somebody
64.9%
Cause
63.1%
Cause
63.1%
it
61.3%
yeah
61%
around
60.6%
Yeah
60.6%
yeah
60.6%
Yeah
60.6%
yeah
60.6%
yeah
60.6%
Then
59.6%
always
59.6%
always
59.6%
with
59.6%
is
58.9%
Now
58.5%
point
57.8%
life
57.4%
my
57.1%
bad
56%
only
55.7%
news
55.3%
changing
54.3%
It's
53.2%
It's
53.2%
rearranging
52.8%
thought
50.4%
down
49.6%
than
48.9%
stranger
46.5%
getting
45%
Quiz Playlist
Details
Report
Send in Message
Add To Playlist
Classic:
Type in answers that appear in a list
Last Updated: Feb 16, 2017
Quiz Scoreboard
CHALLENGE
Sign Up to Join the Scoreboard
Show All
Scores
Hide
Comments
May contain spoilers
Recently Published
Image Sorting: Flags VI
by Barbecue
Geography
2m
Find the 'City' Movie
by crazypaving
Movies
60s
Colored Red Africa Blitz
by spor1
Geography
45s
More to Explore
Quiz From the Vault
Featured Blog Post
14 Easter Pick-up Lines to Find Eggs With
hide this ad
You Might Also Like...
Tags
Lyrics Quiz
charlotte
Today's Top Quizzes in Music
Browse Music
hide this ad
Today's Top Quizzes in Lyrics
Browse Lyrics
Top Contributed Quizzes in Music
1
5X2 Blitz: Bands II
2
5X2 Blitz: The Beatles
3
Taylor Swift All Songs (2024)
4
5X2 Blitz: Billboard
5
5X2 Blitz: Billboard II
6
5X2 Blitz: Album
7
5X2 Blitz: Rock
8
5X2 Blitz: Singers
9
Taylor Swift Logic Puzzle II
10
5X2 Blitz: Lyrics
Explore More
Trending Topics
Harry Potter
Disney
Anime
NBA
Crossword
Marvel
Kpop
Country
Soccer
WWE
Puzzle
Pokémon
NFL
The Office
Song
hide this ad
More By:
Tivafivanatomy
Quiz
Plays
Rating
Category
Featured
Created
The Script lyrics
342
5.00
Music
Feb 1, 2013
Good Charlotte lyrics
283
5.00
Music
Jan 29, 2013
TV shows from character names
28
Television
Dec 16, 2012
Go to Creator's Profile
Score Distribution
Quiz Creator Spotlight
Tivafivanatomy
Follow
Send a Message
Quizzes Created
-
Created Quiz Play Count
-
More By This Creator
Popular Quizzes Today
1
Colored Red Africa Blitz
2
Find the US States - No Outlines Minefield
3
Find the 'City' Movie
4
5x2 Blitz: Bands
5
The Countries of the World
6
Find the US States
7
Find the Countries of Europe - No Outlines Minefield
8
US States
More Music Quizzes
Hidden Initials: Musicians
Published
Trending Quizzes
Colored Red Europe Blitz I
Colored Red Europe Blitz II
Colored Red Africa Blitz II
Colored Red Europe Blitz III
Colored Red Africa Blitz III
Recently Updated
How Do You Spell That?
pecheneg
Godzilla Movies
pecheneg
Grab Bag: 4-10 Letters
pecheneg
2024 March Madness Bracket
pecheneg
Famous TV Couples
Peacemaker
Champions League XIs: Real Madrid
pecheneg
Largest US Cities 1790-2010
pecheneg
Rides in Walt Disney World
pecheneg
Most Oscar Losses (Acting)
pecheneg
Beyoncé Albums
pecheneg
Trending Topics
Disney
Harry Potter
Anime
Kpop
NBA
Marvel
Crossword
Pokémon
Soccer
WWE
Country
The Office
NFL
Puzzle
Song
Your Account Isn't Verified!
In order to create a playlist on Sporcle, you need to verify the email address you used during registration. Go to your
Sporcle Settings
to finish the process.
Report this User
Report this user for behavior that violates our
Community Guidelines
.
Details:
Send Report
Go to the Sporcle.com Mobile Site →
Comments